| 000 | 01549nam a2200481 i 4500 | ||
|---|---|---|---|
| 001 | 6492 | ||
| 003 | KOSZ 005 | ||
| 005 | 20200219110009.0 | ||
| 008 | 970510s1994 pl f |000 0 pol | ||
| 015 | _aPB 1994/3200 | ||
| 020 | _a8385149112 | ||
| 035 | _a(PL-WaBN)b10162185-48omnis_nlop | ||
| 035 | _ab10162185 | ||
| 035 | _a(OCoLC)833982987 | ||
| 035 | _a(PL)b0000001016218 | ||
| 035 | _a(EXLNZ-48OMNIS_NETWORK)9910707814805606 | ||
| 040 |
_aWA N _cWA N _dWA N _dKOSZ 005/EG |
||
| 080 | _a342.9 | ||
| 080 | _a(438) | ||
| 080 | _a(075.8) | ||
| 100 | 1 |
_aOchendowski, Eugeniusz _d(1925-2015) _eAutor |
|
| 245 | 1 | 0 |
_aPrawo administracyjne : _bczęść ogólna / _cEugeniusz Ochendowski. |
| 260 |
_aToruń : _b"Comer", _c1994. |
||
| 300 |
_a238, [1] s. ; _c24 cm. |
||
| 336 |
_2rdacontent _aTekst _btxt |
||
| 337 |
_2rdamedia _aBez urządzenia pośredniczącego _bn |
||
| 338 |
_2rdacarrier _aWolumin _bnc |
||
| 380 | _aKsiążki | ||
| 380 | _aPublikacje dydaktyczne | ||
| 385 |
_mPoziom nauczania _aSzkoły wyższe |
||
| 388 | _a1901-2000 | ||
| 388 | _a1989-2000 | ||
| 504 | _aBibliogr. przy działach. | ||
| 521 | _aPodręcznik akademicki. | ||
| 650 | 7 |
_aPrawo administracyjne _2DBN |
|
| 651 | 7 | _aPolska | |
| 655 | 7 |
_aPodręczniki akademickie _2DBN |
|
| 658 | _aPrawo i wymiar sprawiedliwości | ||
| 710 | 2 | _aWydawnictwo Comer | |
| 856 |
_uhttp://koha.tu.koszalin.pl/cgi-bin/koha/opac-detail.pl?biblionumber=6492 _yKatalog online BPK |
||
| 942 |
_2UKD _cKS |
||
| 999 |
_c6492 _d6492 |
||